| 000 | 00342pab a2200133 454500 | ||
|---|---|---|---|
| 008 | 180718b2006 xxu||||| |||| 00| 0 eng d | ||
| 245 | _aBLURRING of development goals in refinancing | ||
| 260 | _c2006 | ||
| 300 | _ap.1154-160. | ||
| 362 | _a25 Mar | ||
| 650 | _aFinancial markets | ||
| 773 | _aEconomic and Political Weekly | ||
| 909 | _a69394 | ||
| 999 |
_c69394 _d69394 |
||